| 000 | 01023nam a2200301 i 4500 | ||
|---|---|---|---|
| 001 | 000005986 | ||
| 003 | DO-SdBNP | ||
| 005 | 20260527101000.0 | ||
| 007 | ta | ||
| 008 | 090825s2004 dr 000 0 spa d | ||
| 020 | _a9993483575 | ||
| 040 |
_aDO-SdBNP _bspa _cBNPHU _erda |
||
| 082 | 4 |
_a614.15 _bM827e _222 |
|
| 100 | 1 |
_aMora, Wilfredo, _d1965- _eautor _912701 |
|
| 245 | 1 | 3 |
_aLa enseñanza de la psicología forense en las universidades / _cWilfredo Mora. |
| 264 |
_aSanto Domingo : _bBúho, _c2004. |
||
| 300 |
_a70 páginas ; _c22 cm. |
||
| 336 |
_2rdacontent _atexto _btxt |
||
| 337 |
_2rdamedia _asin mediación _bn |
||
| 338 |
_2rdacarrier _avolumen _bnc |
||
| 490 | 0 | _aPensamiento Criminológico Dominicano | |
| 590 | _aInventariado, 2023/MFF | ||
| 650 | 0 |
_aPsicología forense _98234 |
|
| 650 | 4 |
_aPsicología forense _xEnseñanza _zRepública Dominicana _984673 |
|
| 650 | 4 |
_aAdministración de justicia penal _zRepública Dominicana _916873 |
|
| 910 | _aValidado. Control de calidad MFF | ||
| 942 |
_2ddc _cLBS1 |
||
| 999 |
_c5782 _d5782 |
||